00498nam a22001577a 450000500170000001000150001702000260003203500140005803700130007208200060008510000220009124501100011326000370022327000590026030000210031920170517120821.0 aENG-118201 a9788126051458c180.00 aEN-101733 bDBAD/PUB aS aEnoch, Kolakaluri aThe village well and other storiesbOorabavi, a collection of telugu short stories /cby Kolakaluri Enoch aNew DelhibSahitya Akademic2016 aRabindra Bhavan,35, Phirozeshah Road, New Delhi-110001 a248pc22cm.(pbk)